00254nam a2200097Ia 4500008004100000100001500041245003900056260003400095300000900129650001800138190216s9999||||xx |||||||||||||| ||und|| aMcmordie W 0aEnglish Idioms And How To Use Them bOxford University Pressc1971 a349p aEnglish Story